000 00666nam a2200289Ia 4500
005 20260324130242.0
008 008 260324s9999 xx 000 0 eng d
020 _a9781315633848
037 _aEBOOK
040 _aCRL
040 _beng
040 _cCRL
041 _2eng
041 _aeng
084 _qCRL
100 _aJune A. Gordon
_91181072
245 0 _aJapan's Outcaste Youth
245 0 _bEducation for Liberation
260 _bTaylor and Francis
260 _c2008
365 _a
365 _b300
856 _uhttp://www.taylorfrancis.com/books/9781315633848
942 _cEBOOK
999 _c1777090
_d1777090